[Event "EU-ch U14 Girls 27th"]
[Site "Mamaia"]
[Date "2017.09.11"]
[Round "6"]
[White "Petkova, Denitsa"]
[Black "Adamczyk, Zuzanna"]
[Result "1/2-1/2"]
[WhiteElo "1679"]
[BlackElo "1782"]
[PlyCount "84"]
[EventDate "2017.09.05"]
[EventType "swiss"]
[EventRounds "9"]
[EventCountry "ROU"]
[SourceTitle "CBM 180 Extra"]
[Source "ChessBase"]
[SourceDate "2017.10.06"]
[SourceVersion "1"]
[SourceVersionDate "2017.10.06"]
[SourceQuality "1"]

1. e4 c5 2. Nf3 e6 3. d4 cxd4 4. Nxd4 Nf6 5. Nc3 Nc6 6. Ndb5 Bb4 7. a3 Bxc3+ 8. Nxc3 d5 9. exd5 exd5 10. Bd3 d4 11. Ne2 0-0 12. 0-0 Bg4 13. Bg5 h6 14. Bh4 g5 15. Bg3 Nd5 16. Qd2 Bxe2 17. Qxe2 Kg7 18. Be5+ Nxe5 19. Qxe5+ Nf6 20. f4 g4 21. h3 Qd5 22. Qxd5 Nxd5 23. hxg4 Ne3 24. Rf3 Kf6 25. c3 Nxg4 26. cxd4 Rad8 27. Be2 Rfe8 28. Bb5 Re4 29. Rd1 Rdxd4 30. Rxd4 Rxd4 31. Bd3 Ke6 32. g3 Kd6 33. b4 Ke6 34. Kg2 h5 35. Kg1 Kf6 36. Kg2 Ke6 37. Kg1 Kf6 38. Kg2 Ke6 39. Kg1 Kf6 40. Kg2 Ke7 41. Kg1 Ke6 42. Kg2 Kf6 1/2-1/2

[Event "EU-ch U14 Girls 27th"]
[Site "Mamaia"]
[Date "2017.09.07"]
[Round "3"]
[White "Vidruk, Mariya"]
[Black "Petkova, Denitsa"]
[Result "1-0"]
[WhiteElo "1848"]
[BlackElo "1679"]
[PlyCount "67"]
[EventDate "2017.09.05"]
[EventType "swiss"]
[EventRounds "9"]
[EventCountry "ROU"]
[SourceTitle "CBM 180 Extra"]
[Source "ChessBase"]
[SourceDate "2017.10.06"]
[SourceVersion "1"]
[SourceVersionDate "2017.10.06"]
[SourceQuality "1"]

1. e4 c5 2. Nf3 d6 3. c3 Nf6 4. h3 Nc6 5. Bd3 e6 6. Bc2 Qc7 7. Qe2 a6 8. a4 Be7 9. d3 b6 10. 0-0 Bb7 11. Bf4 Rc8 12. Nbd2 0-0 13. Nc4 b5 14. axb5 axb5 15. Ne3 Ra8 16. Nd2 Rxa1 17. Rxa1 Ra8 18. Rxa8+ Bxa8 19. Bh2 Qa7 20. f4 b4 21. f5 bxc3 22. bxc3 exf5 23. Nxf5 Ne5 24. Bxe5 dxe5 25. Nc4 Bf8 26. Kh2 Qc7 27. Qf3 Ne8 28. Bb3 Kh8 29. Qg3 f6 30. Nh4 Qf7 31. Qg4 Nc7 32. Qc8 g5 33. Nf5 Ne6 34. Ncd6 1-0

[Event "EU-ch U14 Girls 26th"]
[Site "Prague"]
[Date "2016.08.24"]
[Round "6"]
[White "Petkova, Denitsa"]
[Black "Oliveira, Maria Alice Ramos"]
[Result "1/2-1/2"]
[WhiteElo "1602"]
[BlackElo "1667"]
[PlyCount "45"]
[EventDate "2016.08.18"]
[EventType "swiss"]
[EventRounds "9"]
[EventCountry "CZE"]
[SourceTitle "CBM 174 Extra"]
[Source "ChessBase"]
[SourceDate "2016.10.10"]
[SourceVersion "1"]
[SourceVersionDate "2016.10.10"]
[SourceQuality "1"]

1. e4 e5 2. Nf3 Nc6 3. Bc4 Bc5 4. c3 Nf6 5. d4 exd4 6. cxd4 Bb4+ 7. Nc3 Nxe4 8. 0-0 Bxc3 9. bxc3 d5 10. Bd3 0-0 11. Qc2 Bf5 12. Re1 Bg6 13. Bf4 Re8 14. Rab1 Rb8 15. c4 Nf6 16. Rxe8+ Nxe8 17. Bxg6 hxg6 18. c5 Qd7 19. Ne5 Nxe5 20. Bxe5 f6 21. Bg3 Kf7 22. h3 Qc6 23. Qe2 1/2-1/2

[Event "EU-ch U14 Girls 26th"]
[Site "Prague"]
[Date "2016.08.19"]
[Round "2"]
[White "Petkova, Denitsa"]
[Black "Laurincova, Kristyna"]
[Result "1/2-1/2"]
[WhiteElo "1602"]
[BlackElo "1815"]
[PlyCount "70"]
[EventDate "2016.08.18"]
[EventType "swiss"]
[EventRounds "9"]
[EventCountry "CZE"]
[SourceTitle "CBM 174 Extra"]
[Source "ChessBase"]
[SourceDate "2016.10.10"]
[SourceVersion "1"]
[SourceVersionDate "2016.10.10"]
[SourceQuality "1"]

1. e4 c5 2. Nf3 d6 3. d4 cxd4 4. Nxd4 Nf6 5. Nc3 g6 6. Be3 Bg7 7. f3 0-0 8. Qd2 Nc6 9. g4 Ne5 10. g5 Nh5 11. Be2 Bh3 12. Rg1 Qc8 13. Nd5 Re8 14. Bb5 Bd7 15. Qe2 Nc6 16. 0-0-0 e6 17. Nc3 a6 18. Bxc6 bxc6 19. Qd2 d5 20. Nde2 Qb7 21. Na4 c5 22. Nac3 Rab8 23. b3 d4 24. Nxd4 cxd4 25. Bxd4 Bxd4 26. Qxd4 Qc7 27. Kb2 Rbc8 28. Rd2 Red8 29. Qe3 Nf4 30. Rgd1 e5 31. Nd5 Nxd5 32. exd5 Qd6 33. h4 Bf5 34. c4 Re8 35. Rc1 e4 1/2-1/2

[Event "EU-ch U14 Girls 26th"]
[Site "Prague"]
[Date "2016.08.18"]
[Round "1"]
[White "Palma, Maria"]
[Black "Petkova, Denitsa"]
[Result "1-0"]
[WhiteElo "1911"]
[BlackElo "1602"]
[PlyCount "55"]
[EventDate "2016.08.18"]
[EventType "swiss"]
[EventRounds "9"]
[EventCountry "CZE"]
[SourceTitle "CBM 174 Extra"]
[Source "ChessBase"]
[SourceDate "2016.10.10"]
[SourceVersion "1"]
[SourceVersionDate "2016.10.10"]
[SourceQuality "1"]

1. Nf3 Nf6 2. c4 g6 3. g3 Bg7 4. Bg2 0-0 5. 0-0 d6 6. d4 Nbd7 7. Nc3 c5 8. b3 a6 9. Bb2 Rb8 10. dxc5 Nxc5 11. Nd4 Bf5 12. Nxf5 gxf5 13. Qc2 e6 14. Rad1 Qe7 15. Rd2 Bh6 16. e3 Ng4 17. Re1 Bg7 18. Red1 Rfd8 19. h3 Ne5 20. f4 Nc6 21. Ba3 Qf6 22. Ne2 Bf8 23. b4 Nd7 24. b5 axb5 25. cxb5 Na7 26. Bxd6 Bxd6 27. Rxd6 Qe7 28. Qd3 1-0

[Event "EU-ch U12 Girls 25th"]
[Site "Porec"]
[Date "2015.09.23"]
[Round "3"]
[White "Jarocka, Liwia"]
[Black "Petkova, Denitsa"]
[Result "0-1"]
[WhiteElo "1661"]
[BlackElo "1497"]
[PlyCount "136"]
[EventDate "2015.09.21"]
[EventType "swiss"]
[EventRounds "9"]
[EventCountry "CRO"]
[SourceTitle "EXT 2016"]
[Source "ChessBase"]
[SourceDate "2015.10.08"]
[SourceVersion "1"]
[SourceVersionDate "2015.10.08"]
[SourceQuality "1"]

1. e4 c5 2. Nf3 e6 3. d4 cxd4 4. Nxd4 a6 5. Be2 Qc7 6. 0-0 Nf6 7. Nc3 Bb4 8. Qd3 h6 9. Bd2 b5 10. Ncxb5 axb5 11. Bxb4 Nc6 12. Nxb5 Qb6 13. Nd6+ Kf8 14. Ba3 Kg8 15. Nc4 Qd8 16. Rad1 Ba6 17. f3 d5 18. Qe3 Qc7 19. Nd2 Bxe2 20. Qxe2 Nd4 21. Qd3 Nxc2 22. Kh1 Nxa3 23. bxa3 Qa5 24. exd5 exd5 25. Rb1 g6 26. Rb3 Kg7 27. Qd4 Rhe8 28. h3 Re2 29. Rf2 Re1+ 30. Kh2 Qc7+ 31. f4 Qc1 32. Rb1 Rh1+ 33. Kg3 Rxa3+ 34. Rf3 Qxd2 35. Qxd2 Ne4+ 36. Kh4 Nxd2 37. Rxh1 Nxf3+ 38. gxf3 Rxf3 39. Kg4 Ra3 40. Rd1 Rxa2 41. Rxd5 h5+ 42. Kg3 Ra3+ 43. Kg2 h4 44. Rb5 Rg3+ 45. Kh2 Kf6 46. Rb8 Rf3 47. Rb4 Kf5 48. Rb7 f6 49. Kg2 Rg3+ 50. Kh2 Kxf4 51. Rb6 Kg5 52. Rb5+ Kh6 53. Rb4 g5 54. Rb6 Kg6 55. Rc6 Kf5 56. Rc5+ Ke4 57. Rc4+ Kd3 58. Ra4 Re3 59. Ra3+ Ke2 60. Ra6 f5 61. Ra5 f4 62. Rxg5 f3 63. Rf5 f2 64. Kg2 Rg3+ 65. Kh2 f1Q 66. Re5+ Kd3 67. Rd5+ Kc3 68. Rc5+ Kb4 0-1

[Event "Vratsa op (Women)"]
[Site "Vratsa"]
[Date "2015.07.22"]
[Round "3"]
[White "Bocheva, Margarita"]
[Black "Petkova, Denitsa"]
[Result "1/2-1/2"]
[WhiteElo "1780"]
[BlackElo "1470"]
[PlyCount "60"]
[EventDate "2015.07.20"]
[EventType "swiss"]
[EventRounds "9"]
[EventCountry "BUL"]
[SourceTitle "CBM 167 Extra"]
[Source "ChessBase"]
[SourceDate "2015.09.14"]
[SourceVersion "1"]
[SourceVersionDate "2015.09.14"]
[SourceQuality "1"]

1. d4 d5 2. Nf3 Nf6 3. Bg5 Nbd7 4. c3 e6 5. Nbd2 h6 6. Bh4 Be7 7. e3 0-0 8. Be2 b6 9. 0-0 Bb7 10. Re1 c5 11. Bg3 Nh5 12. Rc1 Nxg3 13. hxg3 Qc7 14. Bf1 Nf6 15. Qa4 a6 16. Qc2 Bd6 17. dxc5 Bxc5 18. c4 Bd6 19. cxd5 Qxc2 20. Rxc2 exd5 21. Rec1 Rac8 22. Rxc8 Rxc8 23. Rxc8+ Bxc8 24. Nb3 Bb7 25. Nbd4 g6 26. Nb3 Kf8 27. Nbd4 Ke7 28. Bd3 Kf8 29. Nb3 Ke7 30. Nbd4 Kf8 1/2-1/2